Prashnon ke kankal/ (Record no. 72034)

000 -LEADER
fixed length control field 00357nam a22001577a 4500
082 ## - DEWEY DECIMAL CLASSIFICATION NUMBER
Classification number H1
Item number HAR/P
100 ## - MAIN ENTRY--AUTHOR NAME
Personal name Harpal Singh
245 ## - TITLE STATEMENT
Title Prashnon ke kankal/
Statement of responsibility, etc by Harpal Singh
260 ## - PUBLICATION, DISTRIBUTION, ETC. (IMPRINT)
Place of publication Madhura:
Name of publisher Jawahar,
Year of publication 2005.
300 ## - PHYSICAL DESCRIPTION
Number of Pages 92p.
650 ## - SUBJECT ADDED ENTRY--TOPICAL TERM
Topical Term Poetry Hindi
650 ## - SUBJECT ADDED ENTRY--TOPICAL TERM
Topical Term Literature Hindi
650 ## - SUBJECT ADDED ENTRY--TOPICAL TERM
Topical Term Literature
700 ## - ADDED ENTRY--PERSONAL NAME
Personal name Arush
942 ## - ADDED ENTRY ELEMENTS (KOHA)
Koha item type Book
Holdings
Withdrawn status Lost status Damaged status Not for loan Permanent Location Current Location Shelving location Date acquired Cost, normal purchase price Full call number Accession Number Price effective from Koha item type
        Sree Sankaracharya University of Sanskrit Sree Sankaracharya University of Sanskrit Stacks 05.06.2018 125.00 H1 HAR/P 089434 05.06.2018 Book